[Event "Bad Woerishofen"]
[Site "?"]
[Date "2002.??.??"]
[Round "2"]
[White "Friedrich, Wolfgang"]
[Black "Bjarnason, Oskar"]
[Result "0-1"]
[WhiteElo "2086"]
[BlackElo "2198"]
[Annotator "ChessOrg"]
[PlyCount "40"]
[EventDate "2002.??.??"]

1. e4 d5 2. exd5 Qxd5 3. Nc3 Qa5 4. d4 Nf6 5. Nf3 Bg4 6. h3 Bh5 7. Bc4 Nc6 8.
g4 Bg6 9. Bd2 O-O-O 10. Nd5 Qa4 11. b3 Qa3 12. Bc1 Qd6 13. Nxf6 gxf6 14. c3 e5
15. Be3 h5 16. Rg1 exd4 17. Bxd4 hxg4 18. hxg4 Qf4 19. Rg3 Rh1+ 20. Bf1 Re8+
0-1

[Event "Bad Woerishofen"]
[Site "?"]
[Date "2002.??.??"]
[Round "2"]
[White "Kroencke, Manfred"]
[Black "Lomer, Edmund"]
[Result "1/2-1/2"]
[WhiteElo "2197"]
[BlackElo "2082"]
[Annotator "ChessOrg"]
[PlyCount "61"]
[EventDate "2002.??.??"]

1. e4 d5 2. exd5 Qxd5 3. Nc3 Qa5 4. g3 c6 5. Bg2 Nf6 6. d3 Bg4 7. Bf3 Bxf3 8.
Qxf3 e6 9. Bd2 Bb4 10. Nge2 Nbd7 11. O-O O-O 12. a3 Bxc3 13. Bxc3 Qd5 14. Qg2
Rfe8 15. Nf4 Qxg2+ 16. Nxg2 Nd5 17. Bd2 e5 18. Rae1 f6 19. Re2 Nc5 20. Rfe1 Kf7
21. Be3 Ne6 22. Nh4 g6 23. Nf3 c5 24. Nd2 b6 25. Nc4 Rad8 26. Kg2 Re7 27. Rd2
Ndc7 28. f3 Nb5 29. Bf2 Nbd4 30. Bxd4 Nxd4 31. Rf2 1/2-1/2

[Event "Bad Woerishofen"]
[Site "?"]
[Date "2002.??.??"]
[Round "2"]
[White "Specht, Helmut"]
[Black "Kugelmann, Werner"]
[Result "0-1"]
[WhiteElo "2029"]
[BlackElo "2191"]
[Annotator "ChessOrg"]
[PlyCount "100"]
[EventDate "2002.??.??"]

1. e4 e6 2. d4 d5 3. exd5 exd5 4. Bd3 Bd6 5. c3 Nc6 6. Nf3 Bg4 7. h3 Bh5 8. Be3
Nge7 9. g4 Bg6 10. Qc2 Qd7 11. Nh4 Bxd3 12. Qxd3 h5 13. g5 g6 14. Nd2 O-O-O 15.
O-O-O Rhe8 16. Rde1 Kb8 17. f4 Na5 18. Kb1 Nc8 19. Nhf3 Ne7 20. Nh4 b6 21. Ndf3
Nc4 22. Ne5 Bxe5 23. fxe5 Qb5 24. Qe2 Nc6 25. Bf4 a5 26. Ka1 a4 27. Qc2 N6a5
28. Nf3 Nb3+ 29. Kb1 Nbd2+ 30. Nxd2 Na3+ 31. Kc1 Nxc2 32. Kxc2 Qd7 33. Ref1 Kb7
34. Be3 Re6 35. Rf3 Rde8 36. Rhf1 R8e7 37. R1f2 Kc8 38. Nf1 Kd8 39. Ng3 Ke8 40.
Ne2 Rc6 41. Nc1 Rce6 42. Nd3 Qb5 43. Rf1 Qc4 44. a3 Rd7 45. R1f2 c5 46. Nf4
cxd4 47. Bxd4 Rc6 48. e6 Re7 49. exf7+ Rxf7 50. Re2+ Qxe2+ 0-1

[Event "Bad Woerishofen"]
[Site "?"]
[Date "2002.??.??"]
[Round "2"]
[White "Olzem, Lothar"]
[Black "Stojadinovic, Tomislav"]
[Result "1-0"]
[WhiteElo "2185"]
[BlackElo "2030"]
[Annotator "ChessOrg"]
[PlyCount "61"]
[EventDate "2002.??.??"]

1. e4 e6 2. d4 d5 3. Nd2 c5 4. Ngf3 Nc6 5. exd5 exd5 6. Qe2+ Qe7 7. dxc5 Qxe2+
8. Bxe2 Bxc5 9. Nb3 Bb6 10. O-O Nge7 11. c3 O-O 12. Rd1 Be6 13. Nbd4 Bg4 14.
Be3 Nxd4 15. Bxd4 Bxd4 16. Rxd4 Be6 17. Rd2 Nc6 18. Nd4 a6 19. f4 Ne7 20. Re1
Bd7 21. Bxa6 Rxa6 22. Rxe7 Rd8 23. a3 Kf8 24. Re5 Bc6 25. g3 g6 26. f5 Be8 27.
Rf2 Kg8 28. Re7 Rb6 29. g4 Kf8 30. Re5 Ba4 31. fxg6 1-0

[Event "Bad Woerishofen"]
[Site "?"]
[Date "2002.??.??"]
[Round "2"]
[White "Wissinger, Peter"]
[Black "Vossenkuhl, Joachim"]
[Result "1/2-1/2"]
[WhiteElo "1996"]
[BlackElo "2185"]
[Annotator "ChessOrg"]
[PlyCount "58"]
[EventDate "2002.??.??"]

1. Nf3 Nf6 2. c4 g6 3. b3 Bg7 4. Bb2 c5 5. g3 b6 6. Bg2 Bb7 7. O-O Nc6 8. d3
O-O 9. Nbd2 d6 10. a3 e5 11. Qc2 Nd7 12. Ne4 Nf6 13. Nxf6+ Qxf6 14. e3 Qe7 15.
Nd2 Rae8 16. Rae1 Qd7 17. Ne4 Ne7 18. f4 f5 19. Ng5 Bxg2 20. Qxg2 h6 21. Nh3
Qc6 22. e4 a6 23. exf5 Qxg2+ 24. Kxg2 Nxf5 25. fxe5 Bxe5 26. Bxe5 dxe5 27. Re4
Nd6 28. Rxf8+ Kxf8 29. Re1 Kg7 1/2-1/2

[Event "Bad Woerishofen"]
[Site "?"]
[Date "2002.??.??"]
[Round "2"]
[White "Popitz, Andreas"]
[Black "Jendel, Christian"]
[Result "1/2-1/2"]
[WhiteElo "2182"]
[BlackElo "2014"]
[Annotator "ChessOrg"]
[PlyCount "80"]
[EventDate "2002.??.??"]

1. d4 Nf6 2. Nf3 e6 3. e3 b6 4. Be2 Bb7 5. O-O Be7 6. b3 O-O 7. Bb2 Ne4 8. c4
d5 9. Nbd2 Nd7 10. Qc2 Rc8 11. Rfd1 f5 12. Rac1 Ndf6 13. Ne5 Nxd2 14. Qxd2 Ne4
15. Qe1 Bh4 16. g3 Bf6 17. f3 Ng5 18. c5 c6 19. Kg2 Nf7 20. Nxf7 Rxf7 21. b4 b5
22. a4 a6 23. Ra1 Qc7 24. axb5 axb5 25. f4 Ra8 26. Rxa8+ Bxa8 27. Ra1 Qb8 28.
Ra3 Ra7 29. Qa1 Rxa3 30. Qxa3 Bb7 31. Kh3 Qa8 32. Qxa8+ Bxa8 33. g4 Bb7 34. Bc3
Bc8 35. Be1 g6 36. Bh4 Bg7 37. Kg3 Kf7 38. Bd8 Ke8 39. Bc7 Bf6 40. Be5 Bd8
1/2-1/2

[Event "Bad Woerishofen"]
[Site "?"]
[Date "2002.??.??"]
[Round "2"]
[White "Moehring, Norbert"]
[Black "Becker, Thomas"]
[Result "0-1"]
[WhiteElo "1818"]
[BlackElo "2181"]
[Annotator "ChessOrg"]
[PlyCount "128"]
[EventDate "2002.??.??"]

1. b4 d6 2. Bb2 Nf6 3. c4 g6 4. g3 Bg7 5. Bg2 O-O 6. Nf3 e5 7. O-O a5 8. b5
Nbd7 9. d3 Nc5 10. a4 Re8 11. Nfd2 Ng4 12. Nb3 Nxb3 13. Qxb3 Nh6 14. Nc3 Rb8
15. Nd5 b6 16. Rae1 Nf5 17. Qd1 Nd4 18. e3 Ne6 19. Qa1 Nc5 20. Qd1 Bf5 21. e4
Be6 22. Ne3 Qd7 23. f4 f6 24. d4 exd4 25. Bxd4 Qf7 26. e5 dxe5 27. fxe5 f5 28.
Bxc5 bxc5 29. Nd5 Kh8 30. Qd2 Rec8 31. Qg5 h6 32. Qe3 c6 33. bxc6 Rxc6 34. Nc3
Rcc8 35. Nd5 Qe8 36. Rb1 Rxb1 37. Rxb1 Qxa4 38. Ne7 Rd8 39. Bd5 Bxd5 40. cxd5
Kh7 41. Qxc5 Bxe5 42. Nc6 Bg7 43. Rb7 Re8 44. Qd4 Qxd4+ 45. Nxd4 Kg8 46. Ne6
Bf8 47. Kg2 Ra8 48. Nc7 Rd8 49. Ra7 Rd7 50. d6 Bxd6 51. Ra8+ Kf7 52. Nd5 Bb4
53. Nf4 g5 54. Ne2 g4 55. Nf4 Rd2+ 56. Kf1 Rxh2 57. Ra7+ Kf6 58. Nd3 Rd2 59.
Ra6+ Ke7 60. Nf4 Rd6 61. Ra7+ Kf6 62. Ke2 Rd2+ 63. Kf1 Ke5 64. Ra6 Ke4 0-1

[Event "Bad Woerishofen"]
[Site "?"]
[Date "2002.??.??"]
[Round "2"]
[White "Plank, Peter"]
[Black "Grimm, Sven"]
[Result "1/2-1/2"]
[WhiteElo "1804"]
[BlackElo "2174"]
[Annotator "ChessOrg"]
[PlyCount "104"]
[EventDate "2002.??.??"]

1. e4 d5 2. exd5 Nf6 3. d4 Nxd5 4. Nf3 g6 5. Bc4 Bg7 6. O-O O-O 7. Re1 Nb6 8.
Bb3 Nc6 9. c3 Bf5 10. Bg5 h6 11. Bf4 g5 12. Be5 Nxe5 13. Nxe5 e6 14. Nd2 Nd7
15. Ndc4 Nxe5 16. Nxe5 Bxe5 17. Rxe5 c6 18. Qe2 Qf6 19. Bc2 Bxc2 20. Qxc2 Rfd8
21. Rae1 Rd7 22. Qe4 Rad8 23. Qg4 Rd5 24. h4 Rxe5 25. Rxe5 Rd5 26. hxg5 hxg5
27. Rxd5 cxd5 28. g3 Qg6 29. Qe2 Qf5 30. Kg2 Kg7 31. Qe5+ Qxe5 32. dxe5 Kg6 33.
f4 Kf5 34. Kf3 gxf4 35. gxf4 b5 36. a3 a5 37. b3 Kg6 38. Ke3 Kf5 39. Kf3 Kg6
40. Ke3 Kh5 41. Kf3 Kh4 42. f5 Kg5 43. fxe6 fxe6 44. Ke3 Kf5 45. Kd4 Kf4 46. b4
axb4 47. axb4 Kf5 48. Kc5 Kxe5 49. Kxb5 d4 50. Kc4 dxc3 51. Kxc3 Kd5 52. Kd3 e5
1/2-1/2

[Event "Bad Woerishofen"]
[Site "?"]
[Date "2002.??.??"]
[Round "2"]
[White "Lindenmair, Anton"]
[Black "Heika, Martin"]
[Result "1-0"]
[WhiteElo "2127"]
[BlackElo "2339"]
[Annotator "ChessOrg"]
[PlyCount "35"]
[EventDate "2002.??.??"]

1. d4 Nf6 2. c4 e6 3. g3 d5 4. Bg2 Be7 5. Nf3 O-O 6. O-O Nbd7 7. Qc2 c6 8. Nbd2
b6 9. b3 Bb7 10. Bb2 Rc8 11. e4 dxe4 12. Nxe4 c5 13. Nxf6+ Nxf6 14. dxc5 Bxc5
15. Ng5 g6 16. Bxb7 Rc7 17. Bg2 Rd7 18. Nf3 1-0

[Event "Bad Woerishofen"]
[Site "?"]
[Date "2002.??.??"]
[Round "2"]
[White "Dittmar, Peter"]
[Black "Pohlers, Juergen"]
[Result "1-0"]
[WhiteElo "2330"]
[BlackElo "2133"]
[Annotator "ChessOrg"]
[PlyCount "81"]
[EventDate "2002.??.??"]

1. Nf3 d5 2. e3 c5 3. c4 e6 4. cxd5 exd5 5. d4 Nf6 6. Nc3 Nc6 7. Be2 h6 8. O-O
Be6 9. b3 Rc8 10. Bb2 cxd4 11. Nxd4 Qd7 12. Rc1 Bd6 13. Ncb5 O-O 14. Nxd6 Qxd6
15. Nxc6 Rxc6 16. Rxc6 bxc6 17. Bxf6 gxf6 18. Qd4 Qe7 19. Rc1 Qa3 20. Rc2 Bf5
21. Bd3 Bxd3 22. Qxd3 Re8 23. g3 Re6 24. Kg2 Kg7 25. Qd4 Re4 26. Qd2 Re6 27.
Rc3 Qb4 28. Qc2 f5 29. Kg1 d4 30. exd4 Qxd4 31. Rf3 Qe4 32. Qc3+ f6 33. Qd3
Qe1+ 34. Kg2 Qe4 35. Qd7+ Kg6 36. Qxa7 f4 37. Qb8 fxg3 38. hxg3 Re5 39. Qg8+
Kh5 40. Qf7+ Kg5 41. Qxf6+ 1-0

[Event "Bad Woerishofen"]
[Site "?"]
[Date "2002.??.??"]
[Round "2"]
[White "Rothenhagen, Siegfried"]
[Black "Mueller, Manfred"]
[Result "0-1"]
[WhiteElo "1635"]
[BlackElo "2160"]
[Annotator "ChessOrg"]
[PlyCount "107"]
[EventDate "2002.??.??"]

1. d4 Nf6 2. Nf3 b6 3. Bf4 Bb7 4. e3 h6 5. h3 e6 6. Bd3 d5 7. O-O Bd6 8. Bxd6
Qxd6 9. Nbd2 O-O 10. Ne5 c5 11. c3 Ba6 12. Bxa6 Nxa6 13. Qe2 Nc7 14. Ng4 Nxg4
15. Qxg4 a5 16. Nf3 c4 17. Rfe1 b5 18. e4 dxe4 19. Qxe4 Nd5 20. Ne5 Rfe8 21.
Qf3 Qc7 22. Qg3 b4 23. Rac1 bxc3 24. bxc3 f6 25. Ng4 Qxg3 26. fxg3 Rab8 27. Rc2
a4 28. Ne3 Nxe3 29. Rxe3 a3 30. Kf2 Kf7 31. Re1 Rb6 32. Rcc1 Rb2+ 33. Re2 Reb8
34. Rcc2 Kg6 35. Ke1 Rb1+ 36. Kd2 Kf7 37. Re1 R1b2 38. Rec1 Ke7 39. Rxb2 Rxb2+
40. Rc2 Rb5 41. Ke3 e5 42. dxe5 fxe5 43. g4 Ke6 44. g3 Rb2 45. Kd2 e4 46. Kd1
Ke5 47. Rd2 e3 48. Rd4 Rxa2 49. Rxc4 Rg2 50. Ra4 a2 51. Kc1 a1=Q+ 52. Rxa1 Rg1+
53. Kb2 Rxa1 54. Kxa1 0-1

[Event "Bad Woerishofen"]
[Site "?"]
[Date "2002.??.??"]
[Round "2"]
[White "Walther, Alexander"]
[Black "Engl, Heinz"]
[Result "1-0"]
[WhiteElo "1768"]
[BlackElo "2127"]
[Annotator "ChessOrg"]
[PlyCount "53"]
[EventDate "2002.??.??"]

1. Nf3 d5 2. d4 e6 3. Bg5 Be7 4. Bxe7 Qxe7 5. c3 Nf6 6. Nbd2 Nbd7 7. Qc2 e5 8.
dxe5 Nxe5 9. e3 Nxf3+ 10. Nxf3 O-O 11. Rd1 Re8 12. h3 c6 13. Bd3 Ne4 14. O-O
Bf5 15. c4 Rad8 16. a3 Bg6 17. b4 a6 18. c5 Qf6 19. Nd4 Re5 20. f4 Rh5 21. f5
Bxf5 22. Nxf5 Rxf5 23. Rxf5 Qxf5 24. Bxe4 Qg5 25. Bxh7+ Kh8 26. Bd3 Re8 27. Qf2
1-0

[Event "Bad Woerishofen"]
[Site "?"]
[Date "2002.??.??"]
[Round "2"]
[White "Popp, Michael"]
[Black "Gaussmann, Manfred"]
[Result "1-0"]
[WhiteElo "1904"]
[BlackElo "1349"]
[Annotator "ChessOrg"]
[PlyCount "73"]
[EventDate "2002.??.??"]

1. Nf3 d6 2. c4 c5 3. d4 Nd7 4. g3 g6 5. Bg2 Bg7 6. O-O Ngf6 7. Nc3 a6 8. Bf4
cxd4 9. Nd5 Nxd5 10. cxd5 Qb6 11. Qd2 h6 12. h4 Qc5 13. Ne1 b5 14. Nd3 Qb6 15.
Rfc1 Bb7 16. Nb4 Nc5 17. e3 dxe3 18. Bxe3 Rc8 19. Nd3 Qd8 20. Bxc5 dxc5 21.
Nxc5 Rc7 22. Nxb7 Rxb7 23. d6 Rb8 24. d7+ Kf8 25. Rc2 Bf6 26. Rac1 Kg7 27. Rc8
Qb6 28. R1c6 Qd4 29. Qxd4 Bxd4 30. Rxb8 Rxb8 31. Rc8 Rxc8 32. dxc8=Q Bxb2 33.
Qxa6 b4 34. Qc4 Ba3 35. Bc6 e6 36. Be8 Kf6 37. f4 1-0

[Event "Bad Woerishofen"]
[Site "?"]
[Date "2002.??.??"]
[Round "2"]
[White "Schaefer, Michael"]
[Black "Schulz, Gert"]
[Result "1/2-1/2"]
[WhiteElo "2247"]
[BlackElo "2067"]
[Annotator "ChessOrg"]
[PlyCount "51"]
[EventDate "2002.??.??"]

1. d4 g6 2. c4 Bg7 3. Nc3 d6 4. e4 Nc6 5. Be3 e5 6. d5 Nce7 7. Qd2 f5 8. f3 Nf6
9. h3 f4 10. Bf2 Nh5 11. Bd3 c5 12. Nge2 O-O 13. Rb1 a5 14. Bc2 Bd7 15. Ba4 Nc8
16. Bxd7 Qxd7 17. Nb5 Na7 18. Nec3 Nxb5 19. Nxb5 Bf6 20. Kd1 Qe7 21. Ke2 Ra6
22. Rhc1 Bh4 23. Bg1 Ng7 24. Kd3 Rfa8 25. b3 Ne8 26. a3 1/2-1/2

[Event "Bad Woerishofen"]
[Site "?"]
[Date "2002.??.??"]
[Round "2"]
[White "Bischoff, Dieter"]
[Black "Steiger, Wallfried"]
[Result "0-1"]
[WhiteElo "2233"]
[BlackElo "1930"]
[Annotator "ChessOrg"]
[PlyCount "80"]
[EventDate "2002.??.??"]

1. d4 d5 2. c4 c6 3. Nf3 Nf6 4. Qc2 e6 5. g3 Nbd7 6. Bg2 b5 7. c5 Be7 8. O-O
Ne4 9. Nbd2 f5 10. a4 b4 11. a5 Rb8 12. Nb3 Rb5 13. Bf4 g5 14. Be5 Rg8 15. Rfd1
g4 16. Nfd2 Nxd2 17. Rxd2 Nxe5 18. dxe5 Qc7 19. f4 gxf3 20. exf3 Qxe5 21. Re2
Qf6 22. Rae1 Kf7 23. Re5 Bd7 24. Bf1 Rbb8 25. Bd3 Rbe8 26. Qd2 Qh4 27. f4 Bf6
28. R5e2 Qh3 29. Rg2 h5 30. Bf1 h4 31. Re3 e5 32. g4 Qxg2+ 33. Bxg2 Rxg4 34.
Kh1 Reg8 35. Re2 h3 36. fxe5 Bxe5 37. Bxd5+ cxd5 38. Qxd5+ Be6 39. Qb7+ Kf6 40.
Re1 Rg2 0-1

[Event "Bad Woerishofen"]
[Site "?"]
[Date "2002.??.??"]
[Round "2"]
[White "Lechner, Otto"]
[Black "Fries, Elisabeth"]
[Result "1-0"]
[WhiteElo "2007"]
[BlackElo "1448"]
[Annotator "ChessOrg"]
[PlyCount "131"]
[EventDate "2002.??.??"]

1. e4 c6 2. d4 d5 3. e5 Bf5 4. Nf3 h6 5. Bd3 Bxd3 6. Qxd3 e6 7. O-O Ne7 8. Nbd2
Ng6 9. Nb3 Be7 10. Be3 Nd7 11. Rfe1 Qc7 12. Rac1 c5 13. Qd2 c4 14. Na1 Qb6 15.
c3 a5 16. b3 Rc8 17. Rb1 Qc6 18. bxc4 Qxc4 19. Rec1 b5 20. Qb2 Rb8 21. a3 O-O
22. Nc2 Rfc8 23. Bd2 Rb7 24. Ra1 Rcb8 25. g3 Nb6 26. Ne3 Qc6 27. Qc2 Nc4 28.
Nxc4 Qxc4 29. Kg2 Rc8 30. Qd1 Qd3 31. Rcb1 Rcb8 32. Rb3 Qc4 33. Qb1 b4 34. axb4
axb4 35. cxb4 Qb5 36. Ra2 Rc8 37. Ra5 Qd7 38. b5 Bd8 39. Ra6 Bb6 40. Be3 Ne7
41. Qd3 Nf5 42. Ra2 Qc7 43. Rbb2 Qc4 44. Qd2 Rbc7 45. Ra6 Rb7 46. g4 Nxe3+ 47.
fxe3 Kf8 48. Ra1 Rbc7 49. Ne1 Qc3 50. Raa2 Qxd2+ 51. Rxd2 Rc3 52. Kf2 Ke7 53.
Rdb2 f6 54. exf6+ Kxf6 55. Ra6 Rb8 56. Nc2 Rc7 57. Nb4 Rcb7 58. Nc6 Rc8 59. Ke2
Kg5 60. Ne5 Rc1 61. Kd3 Kf6 62. h4 g6 63. Rf2+ Kg7 64. Ra8 Re7 65. Rff8 g5 66.
Rg8+ 1-0

[Event "Bad Woerishofen"]
[Site "?"]
[Date "2002.??.??"]
[Round "2"]
[White "Geuss, Paul"]
[Black "Fries, Werner"]
[Result "1-0"]
[WhiteElo "2068"]
[BlackElo "1664"]
[Annotator "ChessOrg"]
[PlyCount "43"]
[EventDate "2002.??.??"]

1. Nc3 d5 2. e4 dxe4 3. Nxe4 e5 4. Bc4 Qe7 5. Nf3 h6 6. O-O Nf6 7. Nxf6+ Qxf6
8. Nxe5 Be6 9. Bxe6 Qxe6 10. Re1 Be7 11. b3 O-O 12. Bb2 Qd6 13. Qf3 Bf6 14.
Qxb7 Na6 15. Nc4 Nc5 16. Qxa8 Bxb2 17. Qxa7 Qf6 18. Nxb2 Ne6 19. Nc4 Nd4 20.
Ne5 Nxc2 21. Qc5 Nxa1 22. Qxf8+ 1-0

[Event "Bad Woerishofen"]
[Site "?"]
[Date "2002.??.??"]
[Round "2"]
[White "Schmidt, Andreas"]
[Black "Ballon, Guenther Jan"]
[Result "1-0"]
[WhiteElo "2068"]
[BlackElo "1664"]
[Annotator "ChessOrg"]
[PlyCount "45"]
[EventDate "2002.??.??"]

1. e4 c5 2. c3 d5 3. exd5 Qxd5 4. d4 cxd4 5. cxd4 Nc6 6. Nf3 Bg4 7. Nc3 Bxf3 8.
gxf3 Qxd4 9. Qxd4 Nxd4 10. Nb5 O-O-O 11. Nxd4 Rxd4 12. Be3 Rd7 13. Bb5 Rc7 14.
Bxa7 e6 15. Bb6 Rc2 16. O-O Nf6 17. Rfc1 Rxc1+ 18. Rxc1+ Kb8 19. Bc7+ Kc8 20.
Be5+ Kd8 21. Rc7 b6 22. Rxf7 Rg8 23. Bc7+ 1-0

[Event "Bad Woerishofen"]
[Site "?"]
[Date "2002.??.??"]
[Round "3"]
[White "Pavlovicz, Milos"]
[Black "Olzen, Lothar"]
[Result "1-0"]
[WhiteElo "2497"]
[BlackElo "2185"]
[Annotator "ChessOrg"]
[PlyCount "47"]
[EventDate "2002.??.??"]

1. d4 Nf6 2. c4 g6 3. Nc3 d5 4. cxd5 Nxd5 5. e4 Nxc3 6. bxc3 Bg7 7. Bc4 O-O 8.
Ne2 c5 9. O-O Nc6 10. Be3 Bg4 11. f3 Na5 12. Bd3 cxd4 13. cxd4 Be6 14. d5 Bxa1
15. Qxa1 f6 16. Bh6 Re8 17. Kh1 Bd7 18. e5 Bf5 19. Bxf5 gxf5 20. Nf4 Nc4 21.
Qe1 Nxe5 22. Qg3+ Ng4 23. fxg4 Kh8 24. Bg7+ 1-0

[Event "Bad Woerishofen"]
[Site "?"]
[Date "2002.??.??"]
[Round "3"]
[White "Pitl, Gregory"]
[Black "Kveinys, Aloyzas"]
[Result "0-1"]
[WhiteElo "2238"]
[BlackElo "2555"]
[Annotator "ChessOrg"]
[PlyCount "56"]
[EventDate "2002.??.??"]

1. e4 c5 2. Nf3 e6 3. d4 cxd4 4. Nxd4 a6 5. c4 Nf6 6. Nc3 Qc7 7. Qe2 d6 8. g4
g6 9. g5 Nh5 10. Bg2 Bg7 11. Nb3 Be5 12. O-O Nf4 13. Bxf4 Bxf4 14. Qg4 e5 15.
Nd5 Qd8 16. Nf6+ Kf8 17. Qe2 h6 18. Rfd1 hxg5 19. Nd5 Bxh2+ 20. Kf1 Nc6 21. Ne3
Be6 22. Qd3 Bf4 23. Nd5 Kg7 24. c5 Bg4 25. cxd6 Rh2 26. f3 Bh3 27. Nxf4 gxf4
28. Rd2 Rh1+ 0-1

[Event "Bad Woerishofen"]
[Site "?"]
[Date "2002.??.??"]
[Round "3"]
[White "Gawehns, Klaus"]
[Black "Boog, Frithjof"]
[Result "1-0"]
[WhiteElo "2385"]
[BlackElo "2167"]
[Annotator "ChessOrg"]
[PlyCount "57"]
[EventDate "2002.??.??"]

1. b3 b6 2. Bb2 Bb7 3. e3 e6 4. f4 f5 5. Nf3 Nf6 6. g3 Be7 7. Bg2 O-O 8. O-O a5
9. a4 Na6 10. Qe2 Qe8 11. Nc3 Qh5 12. d3 Nc5 13. Rae1 Rae8 14. Nd2 Qh6 15. e4
fxe4 16. Ncxe4 Nfxe4 17. Nxe4 Nxe4 18. Bxe4 Bxe4 19. Qxe4 Qh5 20. c4 Bb4 21.
Re2 d6 22. Rf3 e5 23. Qd5+ Kh8 24. Rfe3 Qg6 25. Qe4 Qf7 26. Rf3 exf4 27. Rxf4
Qh5 28. Qe7 Bc5+ 29. Kh1 1-0

[Event "Bad Woerishofen"]
[Site "?"]
[Date "2002.??.??"]
[Round "3"]
[White "Jenni, Florian"]
[Black "Maahs, Erich"]
[Result "1-0"]
[WhiteElo "2525"]
[BlackElo "2200"]
[Annotator "ChessOrg"]
[PlyCount "73"]
[EventDate "2002.??.??"]

1. e4 d5 2. exd5 Nf6 3. d4 Nxd5 4. Nf3 Bg4 5. c4 Nb6 6. c5 N6d7 7. Bc4 e6 8. h3
Bxf3 9. Qxf3 Nc6 10. Be3 Qf6 11. Qxf6 Nxf6 12. Nc3 O-O-O 13. O-O-O Nb4 14. Rhe1
Nbd5 15. Bd2 Be7 16. g4 Nxc3 17. bxc3 Nd5 18. f4 c6 19. Re2 Rhe8 20. Kc2 g6 21.
f5 exf5 22. Rde1 Kd7 23. Rb1 Kc8 24. Bxd5 cxd5 25. c6 Bd6 26. Rxe8 Rxe8 27.
Rxb7 fxg4 28. hxg4 Bc7 29. Rxa7 Re2 30. Kd3 Rf2 31. Be3 Rf3 32. Ke2 Rf6 33.
Ra8+ Bb8 34. c4 Rxc6 35. Bf4 Rb6 36. Rxb8+ Rxb8 37. Bxb8 1-0

[Event "Bad Woerishofen"]
[Site "?"]
[Date "2002.??.??"]
[Round "3"]
[White "Kugelmann, Werner"]
[Black "Levin, Felix"]
[Result "0-1"]
[WhiteElo "2191"]
[BlackElo "2518"]
[Annotator "ChessOrg"]
[PlyCount "72"]
[EventDate "2002.??.??"]

1. e4 c5 2. Nc3 Nc6 3. f4 g6 4. Nf3 Bg7 5. Bc4 e6 6. f5 Nge7 7. fxe6 dxe6 8. d3
O-O 9. O-O Nd4 10. Nxd4 cxd4 11. Ne2 Nc6 12. Bb3 Na5 13. Nf4 Nxb3 14. axb3 b6
15. Bd2 Bb7 16. Nh3 a5 17. Ng5 h6 18. Nf3 f5 19. exf5 exf5 20. Qe1 Qd6 21. Qf2
Rac8 22. Rfc1 g5 23. Ra4 Rcd8 24. c3 Bc6 25. Rxd4 Bxd4 26. Nxd4 f4 27. Re1 Rde8
28. Rxe8 Rxe8 29. c4 Bb7 30. h4 Qg6 31. hxg5 hxg5 32. Qf1 Qh5 33. Bc3 Re3 34.
Nc2 Rg3 35. Ne1 f3 36. Qf2 fxg2 0-1

[Event "Bad Woerishofen"]
[Site "?"]
[Date "2002.??.??"]
[Round "3"]
[White "Braun, Peter"]
[Black "Kengis, Edvins"]
[Result "0-1"]
[WhiteElo "2266"]
[BlackElo "2571"]
[Annotator "ChessOrg"]
[PlyCount "114"]
[EventDate "2002.??.??"]

1. d4 e6 2. c4 b6 3. a3 Bb7 4. Nc3 f5 5. d5 Nf6 6. g3 b5 7. Bg2 bxc4 8. Nh3 Na6
9. O-O Nc5 10. dxe6 Bxg2 11. exd7+ Qxd7 12. Qxd7+ Kxd7 13. Kxg2 Nb3 14. Rb1 Bc5
15. Ng5 Rhe8 16. Nf3 Re6 17. Bf4 Rae8 18. Rbd1+ Kc6 19. Nd2 Na5 20. Nf3 Nb3 21.
Nd2 Nxd2 22. Rxd2 h6 23. Rc2 g5 24. Bd2 Nd7 25. e3 Nb6 26. Rfc1 Re5 27. Ne2 Rd5
28. Bc3 Kb7 29. Rd2 Rxd2 30. Bxd2 Rd8 31. Ba5 Ka6 32. Bxb6 cxb6 33. Rxc4 Rd2
34. Nd4 Rxb2 35. Nxf5 Kb5 36. Rc3 a5 37. Nxh6 a4 38. h4 gxh4 39. gxh4 Rb3 40.
Rc2 Bxa3 41. Nf5 Bc5 42. Nd4+ Bxd4 43. exd4 Rd3 44. h5 Rxd4 45. Kg3 a3 46. f4
Rd8 47. Kg4 Ra8 48. Ra2 Kb4 49. h6 Kb3 50. Rh2 a2 51. Rh1 a1=Q 52. Rxa1 Rxa1
53. Kg5 Kc4 54. Kf6 Kd5 55. f5 Rh1 56. Kg7 Ke5 57. f6 Rxh6 0-1

[Event "Bad Woerishofen"]
[Site "?"]
[Date "2002.??.??"]
[Round "3"]
[White "Engl, Heinz"]
[Black "Rigo, Marco"]
[Result "1-0"]
[WhiteElo "2127"]
[BlackElo "1706"]
[Annotator "ChessOrg"]
[PlyCount "63"]
[EventDate "2002.??.??"]

1. e4 c5 2. Nf3 Nc6 3. d4 cxd4 4. Nxd4 g6 5. Be3 Bg7 6. Nc3 Qb6 7. Ndb5 Qa5 8.
Bd2 Be5 9. Nd5 Qd8 10. Bc3 Bxc3+ 11. bxc3 Kf8 12. Qd2 a6 13. Nd4 e6 14. Nb4 Qh4
15. Bd3 Nxd4 16. cxd4 a5 17. O-O axb4 18. Qxb4+ Qe7 19. Qd2 Kg7 20. f4 Nf6 21.
f5 exf5 22. exf5 d5 23. Rf3 Ne4 24. Bxe4 dxe4 25. f6+ Qxf6 26. Rxf6 Kxf6 27. d5
Re8 28. Qd4+ Kg5 29. Re1 f5 30. Qg7 f4 31. h4+ Kxh4 32. Qh6+ 1-0

[Event "Bad Woerishofen"]
[Site "?"]
[Date "2002.??.??"]
[Round "3"]
[White "Olarasu, Gabriela"]
[Black "Georgiev, Kiril"]
[Result "0-1"]
[WhiteElo "2293"]
[BlackElo "2655"]
[Annotator "ChessOrg"]
[PlyCount "66"]
[EventDate "2002.??.??"]

1. d4 Nf6 2. c4 c5 3. d5 g6 4. Nc3 Bg7 5. e4 d6 6. h3 O-O 7. Nf3 a6 8. a4 e6 9.
Bd3 exd5 10. cxd5 Nbd7 11. O-O Nh5 12. Bg5 Bf6 13. Bh6 Re8 14. Re1 Rb8 15. Be2
Bg7 16. Bg5 Qc7 17. Nd2 h6 18. Be3 Nhf6 19. Bf4 Ne5 20. Nc4 Nxc4 21. Bxc4 Nd7
22. Bf1 Ne5 23. Be3 g5 24. Qc2 f5 25. exf5 Qf7 26. Qd2 Bxf5 27. f4 gxf4 28.
Bxf4 Qg6 29. Kh1 Kh8 30. Bh2 Rf8 31. Nd1 Rbe8 32. Ne3 Be4 33. Nc4 Rxf1+ 0-1

[Event "Bad Woerishofen"]
[Site "?"]
[Date "2002.??.??"]
[Round "3"]
[White "Eingorn, Viacheslav"]
[Black "Scherer, Helmut"]
[Result "1-0"]
[WhiteElo "2598"]
[BlackElo "2275"]
[Annotator "ChessOrg"]
[PlyCount "77"]
[EventDate "2002.??.??"]

1. d4 Nf6 2. c4 e6 3. Nf3 b6 4. a3 Bb7 5. Nc3 d5 6. cxd5 exd5 7. Bg5 Nbd7 8. e3
Be7 9. Bb5 O-O 10. O-O c5 11. Rc1 c4 12. Ne5 Nxe5 13. dxe5 Ne4 14. Nxe4 Bxg5
15. Nd6 Qc7 16. Qf3 Rab8 17. Qg3 Be7 18. Nf5 g6 19. e6 Qc5 20. b4 Qxb5 21.
Nxe7+ Kg7 22. Nf5+ Kf6 23. e7 Rh8 24. Nd6 Qd7 25. e8=Q Rbxe8 26. Nxe8+ Rxe8 27.
Rfd1 Qe6 28. Rd4 b5 29. h4 Qe5 30. Qg4 Bc6 31. h5 Kg7 32. Qd1 Qg5 33. a4 a6 34.
axb5 axb5 35. Ra1 Re6 36. Ra7 Re7 37. Qa1 Kh6 38. hxg6 hxg6 39. Rxc4 1-0

[Event "Bad Woerishofen"]
[Site "?"]
[Date "2002.??.??"]
[Round "3"]
[White "Bjarnason, Oskar"]
[Black "Naiditsch, Arkadij"]
[Result "0-1"]
[WhiteElo "2198"]
[BlackElo "2432"]
[Annotator "ChessOrg"]
[PlyCount "78"]
[EventDate "2002.??.??"]

1. e4 c5 2. Nf3 d6 3. d4 cxd4 4. Nxd4 Nf6 5. Nc3 a6 6. Be2 e5 7. Nb3 Be7 8. O-O
O-O 9. a4 Nc6 10. f4 exf4 11. Bxf4 Be6 12. Kh1 Ne5 13. Qe1 Rc8 14. Rd1 Nfd7 15.
Nd4 Re8 16. Qg3 Bh4 17. Nxe6 fxe6 18. Qh3 Qe7 19. Bg4 Rc6 20. Bxe6+ Qxe6 21.
Qxh4 Nf6 22. Bxe5 Qxe5 23. Qf4 Qe6 24. h3 h6 25. Rd4 Nh5 26. Qh2 Rb6 27. b3 Rc6
28. Rf3 Kh8 29. g4 Nf6 30. Qf4 Qc8 31. Qd2 Qe6 32. Qf4 Rf8 33. Qf5 Qe8 34. Rdd3
Nd7 35. Qh5 Qd8 36. Qd5 Ne5 37. Rxf8+ Qxf8 38. Re3 Qf1+ 39. Kh2 Qf2+ 0-1